Les longs-métrages Disney qui n'ont pas eu de suite - Statistiques

Statistiques générales
  • Ce quiz a été pris 49 fois
  • Le résultat moyen est 16 sur 51
Statistiques - réponses
Longs-métrages Disney qui n'ont pas eu de suite % Correct
Blanche-Neige et les Sept Nains
98%
Pinocchio
79%
Dumbo
72%
La Belle au Bois dormant
70%
La Princesse et la Grenouille
56%
Robin des Bois
56%
Les Aristochats
53%
Alice au pays des merveilles
49%
Encanto : La Fantastique Famille Madrigal
49%
Taram et le Chaudron magique
49%
Basil, détective privé
47%
Hercule
47%
Coco
42%
La ferme se rebelle
42%
Là-haut
42%
Oliver et Compagnie
42%
Ratatouille
42%
Les Nouveaux Héros
40%
Raya et le Dernier Dragon
40%
Rebelle
40%
Volt, star malgré lui
40%
Merlin l'Enchanteur
37%
Luca
35%
Soul
35%
Chicken Little
33%
La Planète au trésor: Un nouvel univers
33%
Wish : Asha et la Bonne Étoile
33%
1001 Pattes
28%
Bienvenue chez les Robinson
26%
Élémentaire
26%
Alerte rouge
23%
Avalonia : L'Étrange Voyage
23%
Coquin de printemps
23%
Wall-E
23%
Le Voyage d'Arlo
21%
Peter et Elliott le dragon
21%
Le Crapaud et le Maître d'école
19%
Elio
16%
En avant
16%
Mélodie du Sud
14%
The Wild
14%
Jumpers
12%
L'Apprentie sorcière
7%
James et la Pêche géante
2%
Milo sur Mars
2%
Qui veut la peau de Roger Rabbit?
2%
Frankenweenie
0%
Gargoyles, les Anges de la nuit
0%
Le Dragon récalcitrant
0%
Le Drôle de Noel de Scrooge
0%
Victoire dans les airs
0%
Aucun quiz correspondant
Distribution des résultats
% des personnes avec chaque résultat
Percentile par nombre de réponses
Votre historique - résultats
Vous n’avez pas pris ce quiz